A comlexity perspective on researching organizations: taking experience seriously (Record no. 37777)

MARC details
000 -LEADER
fixed length control field 00782nam a2200193 a 4500
008 - FIXED-LENGTH DATA ELEMENTS--GENERAL INFORMATION
fixed length control field 130423s2005 ||||||||||||||||| || u
020 ## - INTERNATIONAL STANDARD BOOK NUMBER
International Standard Book Number 0415351316
050 ## - LIBRARY OF CONGRESS CALL NUMBER
Classification number HM 711 Com
100 ## - MAIN ENTRY--PERSONAL NAME
Personal name Griffin, Douglas
245 12 - TITLE STATEMENT
Title A comlexity perspective on researching organizations: taking experience seriously
Statement of responsibility, etc. edited by Ralph Stacey and Douglas Griffin
260 ## - PUBLICATION, DISTRIBUTION, ETC.
Place of publication, distribution, etc. New York:
Name of publisher, distributor, etc. Routledge
Date of publication, distribution, etc. 2005
300 ## - PHYSICAL DESCRIPTION
Extent vii, 206p.: ill.
500 ## - GENERAL NOTE
General note  References
650 ## - SUBJECT ADDED ENTRY--TOPICAL TERM
Topical term or geographic name entry element MANAGEMENT--RESEARCH--METHODOLGY
650 ## - SUBJECT ADDED ENTRY--TOPICAL TERM
Topical term or geographic name entry element COMPLEX ORGANIZATIONS--RESEARCH--METHODOLOGY
650 ## - SUBJECT ADDED ENTRY--TOPICAL TERM
Topical term or geographic name entry element PARTICIPANT OBSERVATION
700 ## - ADDED ENTRY--PERSONAL NAME
Personal name Stacey, Ralph
995 ## - RECOMMENDATION 995 [LOCAL, UNIMARC FRANCE]
-- CBU-MAIN LIBRARY (Kitwe)
-- 1
-- AVAILABLE
-- Jun 26, 2013
-- Main Library Open Access Collection
Holdings
Withdrawn status Lost status Source of classification or shelving scheme Damaged status Not for loan Home library Current library Shelving location Date acquired Total Checkouts Full call number Barcode Date last seen Price effective from Koha item type
          CBU-MAIN LIBRARY, KITWE. CBU-MAIN LIBRARY, KITWE.   11/30/2022   HM 711 Com 744032 11/30/2022 11/30/2022 MONOGRAPH